[Event "SVK-ch blitz"]
[Site "Poprad"]
[Date "2025.05.02"]
[Round "2"]
[White "Polacko, Frantisek"]
[Black "Cisko, Matej"]
[Result "1/2-1/2"]
[WhiteElo "1928"]
[BlackElo "2103"]
[PlyCount "156"]
[EventDate "2025.05.02"]
[EventType "swiss (blitz)"]
[EventRounds "13"]
[EventCountry "SVK"]
[SourceTitle "CB19_2025"]
[SourceDate "2025.05.07"]
[SourceVersion "1"]
[SourceVersionDate "2025.05.07"]
[SourceQuality "1"]

1. e4 c5 2. Bc4 e6 3. Nc3 Nc6 4. d3 g6 5. Nge2 Bg7 6. 0-0 Nge7 7. Bg5 0-0 8. Qd2 Nd4 9. Nxd4 cxd4 10. Ne2 Re8 11. Bb3 Qb6 12. Bh6 Bh8 13. Ng3 a5 14. a4 Nc6 15. f4 Qb4 16. Rad1 Qxd2 17. Rxd2 b6 18. f5 Ra7 19. fxg6 hxg6 20. Rdf2 d6 21. Bg5 Ne5 22. h3 Ba6 23. Ne2 Nc6 24. Bf6 Bxf6 25. Rxf6 Kg7 26. g4 b5 27. axb5 Bxb5 28. R1f2 a4 29. Ba2 a3 30. bxa3 Nd8 31. Nxd4 Bd7 32. Bb3 Rxa3 33. g5 Ra7 34. Kg2 Bc8 35. h4 Ree7 36. Kg3 Ba6 37. Rf1 Rac7 38. Rd1 Bc8 39. Rff1 e5 40. Nb5 Rc6 41. Ra1 Rb6 42. Nc3 Be6 43. Nd5 Bxd5 44. Bxd5 Rc7 45. Ra2 Ne6 46. Bxe6 fxe6 47. Rfa1 Rbc6 48. Rc1 Kf7 49. c4 Ke7 50. Rb1 Kd7 51. Rab2 Ra6 52. Kg4 Ra3 53. Rb3 Ra2 54. R1b2 Ra1 55. Rb7 Rd1 56. Rxc7+ Kxc7 57. Rb3 Kc6 58. Ra3 Kb7 59. h5 Rg1+ 60. Kf3 Rxg5 61. hxg6 Rxg6 62. Ke3 Rg1 63. Ra5 Rb1 64. Kd2 Kc7 65. Kc3 Rh1 66. Ra7+ Kc6 67. Ra6+ Kc7 68. Ra5 Rh6 69. Rb5 Kc6 70. Rb8 Rh1 71. Rc8+ Kd7 72. Ra8 Rc1+ 73. Kd2 Rb1 74. Ke3 Rb6 75. Ra7+ Ke8 76. Kd2 Rc6 77. Ke3 Kd8 78. Kd2 Ke8 1/2-1/2

[Event "SVK-ch blitz"]
[Site "Poprad"]
[Date "2025.05.02"]
[Round "3"]
[White "Polacko, Frantisek"]
[Black "Salgovic, Simon"]
[Result "0-1"]
[WhiteElo "1928"]
[BlackElo "1956"]
[PlyCount "78"]
[EventDate "2025.05.02"]
[EventType "swiss (blitz)"]
[EventRounds "13"]
[EventCountry "SVK"]
[SourceTitle "CB19_2025"]
[SourceDate "2025.05.07"]
[SourceVersion "1"]
[SourceVersionDate "2025.05.07"]
[SourceQuality "1"]

1. e4 d5 2. exd5 Qxd5 3. Nc3 Qa5 4. Nf3 Nf6 5. d4 Nc6 6. Bd2 Bg4 7. Be2 0-0-0 8. 0-0 Bxf3 9. Bxf3 Nxd4 10. Be3 e5 11. Bxd4 Rxd4 12. Qe2 Bd6 13. a3 e4 14. Nxe4 Nxe4 15. Bxe4 Qe5 16. Qg4+ Kb8 17. g3 Rxe4 18. Qf3 f5 19. c3 h5 20. Rad1 h4 21. Rd4 hxg3 22. hxg3 Rxd4 23. cxd4 Qxd4 24. Kg2 Qf6 25. Rh1 Rxh1 26. Kxh1 Qh6+ 27. Kg2 Qe6 28. Qc3 Qe4+ 29. f3 Qe2+ 30. Kh3 Be5 31. Qb3 Qf1+ 32. Kh4 Bf6+ 33. Kh5 a6 34. Qg8+ Ka7 35. Kg6 Qxf3 36. Qe6 Qxg3+ 37. Kf7 Qd6 38. Qxf5 c6 39. b4 Qd5+ 0-1

[Event "SVK-ch blitz"]
[Site "Poprad"]
[Date "2025.05.02"]
[Round "1"]
[White "Polacko, Frantisek"]
[Black "Zetocha, Adrian"]
[Result "0-1"]
[WhiteElo "1928"]
[BlackElo "2105"]
[PlyCount "44"]
[EventDate "2025.05.02"]
[EventType "swiss (blitz)"]
[EventRounds "13"]
[EventCountry "SVK"]
[SourceTitle "CB19_2025"]
[SourceDate "2025.05.07"]
[SourceVersion "1"]
[SourceVersionDate "2025.05.07"]
[SourceQuality "1"]

1. e4 c5 2. Nf3 d6 3. d3 g6 4. c3 d5 5. exd5 Qxd5 6. Be2 Bg7 7. 0-0 Nf6 8. Be3 Nbd7 9. Nbd2 0-0 10. a3 b6 11. d4 Bb7 12. dxc5 Nxc5 13. Bc4 Qh5 14. Be2 Ng4 15. h3 Nxe3 16. fxe3 Bh6 17. Nh2 Bxe3+ 18. Kh1 Qxh3 19. Bf3 Qd7 20. Bxb7 Qxb7 21. Ndf3 Ne4 22. Re1 Nf2+ 0-1

[Event "SVK-ch blitz"]
[Site "Poprad"]
[Date "2025.05.02"]
[Round "5"]
[White "Skreno, Vladimir"]
[Black "Polacko, Frantisek"]
[Result "0-1"]
[WhiteElo "2014"]
[BlackElo "1928"]
[PlyCount "109"]
[EventDate "2025.05.02"]
[EventType "swiss (blitz)"]
[EventRounds "13"]
[EventCountry "SVK"]
[SourceTitle "CB19_2025"]
[SourceDate "2025.05.07"]
[SourceVersion "1"]
[SourceVersionDate "2025.05.07"]
[SourceQuality "1"]

1. d4 Nf6 2. Nf3 d5 3. c4 e6 4. Bg5 Be7 5. e3 h6 6. Bxf6 Bxf6 7. cxd5 exd5 8. Nc3 Be6 9. Be2 c6 10. 0-0 0-0 11. b4 a5 12. a3 axb4 13. axb4 Rxa1 14. Qxa1 Qc7 15. Rc1 Be7 16. Qb2 Qb6 17. b5 Rc8 18. Ne5 Nd7 19. Nxd5 Bxd5 20. Nxd7 Qa5 21. Ra1 Qd8 22. Ne5 cxb5 23. Bxb5 Bf6 24. Nd3 Ra8 25. Nf4 Rxa1+ 26. Qxa1 Be4 27. Bd3 Bc6 28. h3 Qb8 29. Qc1 g5 30. Nh5 Bg7 31. Nxg7 Kxg7 32. Qc5 Qd8 33. Qf5 Qf6 34. Qxf6+ Kxf6 35. Kf1 Ke6 36. Bc4+ Ke7 37. f3 f5 38. Ke2 Kf6 39. Kd3 h5 40. e4 fxe4+ 41. fxe4 b6 42. d5 Bd7 43. Kd4 Bc8 44. Be2 h4 45. e5+ Ke7 46. d6+ Kd8 47. Bf3 Be6 48. Bg4 Bb3 49. e6 Ba2 50. Ke5 b5 51. e7+ Ke8 52. Bh5+ Bf7 53. Bxf7+ Kxf7 54. Kd5 b4 55. Kc4 0-1

[Event "SVK-ch blitz"]
[Site "Poprad"]
[Date "2025.05.02"]
[Round "7"]
[White "Tropp, Frantisek"]
[Black "Polacko, Frantisek"]
[Result "1-0"]
[WhiteElo "2001"]
[BlackElo "1928"]
[PlyCount "29"]
[EventDate "2025.05.02"]
[EventType "swiss (blitz)"]
[EventRounds "13"]
[EventCountry "SVK"]
[SourceTitle "CB19_2025"]
[SourceDate "2025.05.07"]
[SourceVersion "1"]
[SourceVersionDate "2025.05.07"]
[SourceQuality "1"]

1. e4 c5 2. c3 e6 3. d4 d5 4. e5 cxd4 5. cxd4 Nc6 6. Nf3 Nge7 7. a3 Ng6 8. b4 a6 9. Be3 b5 10. Bd3 Bb7 11. Nbd2 Rc8 12. 0-0 Be7 13. Nb3 a5 14. bxa5 Nxa5 15. Nc5 1-0

[Event "SVK-ch U18"]
[Site "Stara Lubovna"]
[Date "2014.04.11"]
[Round "8"]
[White "Polacko, Frantisek"]
[Black "Fenik, Jozef"]
[Result "1/2-1/2"]
[WhiteElo "1813"]
[BlackElo "1750"]
[PlyCount "24"]
[EventDate "2014.04.05"]
[EventType "swiss"]
[EventRounds "9"]
[EventCountry "SVK"]
[SourceTitle "EXT 2016"]
[Source "ChessBase"]
[SourceDate "2015.10.08"]
[SourceVersion "1"]
[SourceVersionDate "2015.10.08"]
[SourceQuality "1"]

1. d4 d6 2. Qd2 e5 3. a4 e4 4. Ra3 f5 5. Qf4 Be7 6. h3 Be6 7. Qh2 c5 8. Rg3 Bh4 9. f3 Qa5+ 10. Nd2 Bb3 11. d5 e3 12. c4 f4 1/2-1/2

[Event "SVK-ch U18"]
[Site "Stara Lubovna"]
[Date "2014.04.07"]
[Round "3"]
[White "Balazs, Ladislav"]
[Black "Polacko, Frantisek"]
[Result "1/2-1/2"]
[WhiteElo "1982"]
[BlackElo "1813"]
[PlyCount "121"]
[EventDate "2014.04.05"]
[EventType "swiss"]
[EventRounds "9"]
[EventCountry "SVK"]
[SourceTitle "EXT 2016"]
[Source "ChessBase"]
[SourceDate "2015.10.08"]
[SourceVersion "1"]
[SourceVersionDate "2015.10.08"]
[SourceQuality "1"]

1. d4 d5 2. Bg5 Nf6 3. Nf3 e6 4. Nbd2 Be7 5. e3 h6 6. Bf4 Bd6 7. Bg3 Nh5 8. Bd3 Nxg3 9. hxg3 Nc6 10. c4 dxc4 11. Nxc4 Bb4+ 12. Kf1 Bd7 13. a3 Be7 14. Nfe5 Nxe5 15. Nxe5 Bf6 16. Qg4 Qe7 17. Rc1 0-0-0 18. Qe4 Kb8 19. Rc3 Bc8 20. Rb3 Bxe5 21. Qxe5 f6 22. Qb5 Rd6 23. Qc5 Qd8 24. Ke2 Rb6 25. Rxb6 axb6 26. Qc3 Qd6 27. a4 Bd7 28. Ra1 Qc6 29. Qa3 Qxg2 30. a5 b5 31. Qe7 Bc6 32. Qxg7 Bf3+ 33. Ke1 Qg1+ 34. Bf1 Rc8 35. Qxf6 Qh1 36. Qxe6 Bg2 37. Ke2 Bd5 38. Qf5 Bc4+ 39. Kd2 Bxf1 40. Qb1 c5 41. Qxf1 Qe4 42. Rc1 cxd4 43. Rxc8+ Kxc8 44. Qxb5 dxe3+ 45. fxe3 Qg2+ 46. Kc3 Qxg3 47. Qf5+ Kd8 48. Qf6+ Kd7 49. Qxh6 Qe5+ 50. Kb3 Qb5+ 51. Kc3 Qxa5+ 52. b4 Qe5+ 53. Kc4 b5+ 54. Kb3 Qd5+ 55. Kc2 Qc4+ 56. Kd1 Qxb4 57. Qg7+ Kc6 58. Qg2+ Kc5 59. Qg5+ Kc6 60. Qf6+ Qd6+ 61. Qxd6+ 1/2-1/2

[Event "SVK-ch U18"]
[Site "Stara Lubovna"]
[Date "2014.04.06"]
[Round "2"]
[White "Polacko, Frantisek"]
[Black "Sarocky, Lukas"]
[Result "1-0"]
[WhiteElo "1813"]
[BlackElo "1735"]
[PlyCount "120"]
[EventDate "2014.04.05"]
[EventType "swiss"]
[EventRounds "9"]
[EventCountry "SVK"]
[SourceTitle "EXT 2016"]
[Source "ChessBase"]
[SourceDate "2015.10.08"]
[SourceVersion "1"]
[SourceVersionDate "2015.10.08"]
[SourceQuality "1"]

1. e4 c5 2. Nc3 e6 3. Nf3 a6 4. a4 d5 5. e5 Nc6 6. d3 Qc7 7. Qe2 Nge7 8. Bf4 Nf5 9. g4 Nfd4 10. Nxd4 Nxd4 11. Qd1 Be7 12. Bg3 Qb6 13. Rb1 Bd7 14. Bg2 Qb4 15. 0-0 Bxa4 16. Nxa4 Qxa4 17. b3 Qd7 18. f4 0-0 19. c3 Nc6 20. h4 Rad8 21. g5 g6 22. h5 b5 23. Ra1 Qa7 24. Bf2 a5 25. c4 bxc4 26. bxc4 Nb4 27. cxd5 Nxd5 28. Qa4 Nc3 29. Qxa5 Qxa5 30. Rxa5 Ne2+ 31. Kh2 Nxf4 32. hxg6 fxg6 33. Bxc5 Bxc5 34. Rxc5 Rxd3 35. Rc4 Nxg2 36. Rxf8+ Kxf8 37. Kxg2 Rd7 38. Rc8+ Kg7 39. Re8 Rd2+ 40. Kf3 Rd3+ 41. Kf4 Kf7 42. Rh8 Rh3 43. Kg4 Rh1 44. Rc8 Ke7 45. Rc7+ Kd8 46. Rc6 Kd7 47. Rd6+ Ke7 48. Rb6 h6 49. gxh6 Rxh6 50. Rb7+ Kd8 51. Kg5 Rh5+ 52. Kf6 Rh1 53. Kxe6 Ra1 54. Rb8+ Kc7 55. Rg8 Ra6+ 56. Ke7 Ra5 57. e6 Kc6 58. Kf8 Ra8+ 59. Kf7 Ra7+ 60. e7 Kd7 1-0

[Event "SVK-chT2D 1314"]
[Site "Slovakia"]
[Date "2014.03.15"]
[Round "10.5"]
[White "Regec, Viliam1"]
[Black "Polacko, Frantisek"]
[Result "1/2-1/2"]
[WhiteElo "2068"]
[BlackElo "1841"]
[PlyCount "60"]
[EventDate "2013.10.19"]
[EventType "team-tourn"]
[EventRounds "11"]
[EventCountry "SVK"]
[SourceTitle "EXT 2015"]
[Source "ChessBase"]
[SourceDate "2014.11.20"]
[SourceVersion "1"]
[SourceVersionDate "2014.11.20"]
[SourceQuality "1"]
[WhiteTeam "Gelnica Slovan"]
[BlackTeam "Humenne II"]
[WhiteTeamCountry "SVK"]
[BlackTeamCountry "SVK"]

1. e4 e5 2. Nf3 Nc6 3. Bb5 d6 4. d3 Bd7 5. h3 Nf6 6. c3 Be7 7. Nbd2 a6 8. Ba4 b5 9. Bc2 0-0 10. Nf1 h6 11. Ng3 Nh7 12. 0-0 Ng5 13. Nxg5 Bxg5 14. Bxg5 Qxg5 15. Qe2 Ne7 16. Qe3 Qxe3 17. fxe3 g6 18. Rf2 Kg7 19. d4 f6 20. Rd1 Rab8 21. Nf1 b4 22. c4 a5 23. Bb1 Be6 24. Rc1 c5 25. d5 Bd7 26. Ng3 a4 27. Rcf1 a3 28. b3 h5 29. h4 Bg4 30. Bd3 Ng8 1/2-1/2

[Event "SVK-ch U18"]
[Site "Lubovna"]
[Date "2013.04.11"]
[Round "7"]
[White "Polacko, Frantisek"]
[Black "Hrstka, Samuel"]
[Result "1/2-1/2"]
[WhiteElo "1813"]
[BlackElo "1801"]
[PlyCount "132"]
[EventDate "2013.04.06"]
[EventType "swiss"]
[EventRounds "9"]
[EventCountry "SVK"]
[SourceTitle "CBM 153 Extra"]
[Source "ChessBase"]
[SourceDate "2013.04.22"]
[SourceVersion "1"]
[SourceVersionDate "2013.04.22"]
[SourceQuality "1"]

1. e4 e5 2. Bc4 Nf6 3. d3 Nc6 4. Nc3 Be7 5. Nf3 d6 6. h3 0-0 7. 0-0 Na5 8. Bb3 Nxb3 9. axb3 b6 10. Nh2 Ne8 11. Nd5 Bg5 12. f4 exf4 13. Bxf4 f5 14. Qh5 Bxf4 15. Rxf4 Nf6 16. Nxf6+ Qxf6 17. c3 Qe7 18. Raf1 g6 19. Qh6 Bd7 20. Kh1 Rae8 21. exf5 Bxf5 22. d4 a5 23. R4f2 d5 24. Qd2 Be4 25. Ng4 Rxf2 26. Rxf2 Rf8 27. Ne5 Kg7 28. Kg1 Rxf2 29. Qxf2 Qf6 30. g3 Qxf2+ 31. Kxf2 Bc2 32. b4 axb4 33. cxb4 Kf6 34. Ke3 h5 35. h4 Kf5 36. Kf3 Ba4 37. Ke3 c5 38. bxc5 bxc5 39. Nf3 c4 40. Ne5 Bc2 41. Kf3 Be4+ 42. Ke3 g5 43. hxg5 Kxg5 44. Kd2 Kf5 45. Ke3 Bc2 46. Kf3 Ke6 47. Kf4 Kd6 48. Kg5 Bd1 49. Kf6 Bc2 50. Ng6 Be4 51. Nf4 Bf3 52. Kg5 Kc6 53. Nxh5 Kb5 54. Nf6 Kb4 55. Kf4 Bh1 56. Ke5 Kb3 57. Nxd5 Kxb2 58. Ne3 c3 59. Nd1+ Kc2 60. Nxc3 Kxc3 61. d5 Bf3 62. d6 Bg4 63. Kf4 Bd7 64. g4 Kd4 65. g5 Kd5 66. g6 Kxd6 1/2-1/2